000 00296nam a22001457a 4500
003 SGT
082 _a346,AIY
100 _aAIYAR,S.K
245 _aLAW OF INSOLVENCY
250 _a7TH
260 _aNEW DELHI
_bUNIVERSAL BOOK
_c2013
300 _a698
650 _aINSOLVENCY
942 _2ddc
_cBK
_011
999 _c9897
_d9897